| 000 | 00520 a2200205 4500 | ||
|---|---|---|---|
| 005 | 20260203161548.0 | ||
| 008 | 260203b |||||||| |||| 00| 0 eng d | ||
| 020 |
_a9789390016259 _cRs. 1200.00 |
||
| 040 | _aMAIN | ||
| 082 |
_a796.01 _bM726S |
||
| 100 | _aMohanty, Ashok Chandra | ||
| 245 | _aSports psychology | ||
| 260 |
_bSports Publication _c2024 _aNew Delhi |
||
| 300 | _a316 | ||
| 440 | _aM.P.ED Series | ||
| 650 | _aPhysical Education | ||
| 650 | _aSports | ||
| 650 | _aPsychology Sports | ||
| 942 | _cBK | ||
| 999 |
_c394071 _d394071 |
||